000 00532nam a2200181Ia 4500
003 OSt
005 20240415163739.0
008 210210b1961 xxu||||| |||| 00| 0 eng d
040 _cAL
041 _aKannada
082 _a856/185
100 _aSUNKAPURA (M S) ಸುಂಕಾಪುರ ಎಂ ಎಸ್
_9160402
245 _aJivanadalli nage
_bಜೀವನದಲ್ಲಿ ನಗೆ
260 _aDharavada
_bKarnataka Vishvavidyanilalya
_c1961
690 _aKannada Miscellaneous
_9160403
906 _a020424
942 _2ddc
_cBK
999 _c144573
_d144573